[Event "Gibraltar Amateurs B"]
[Site "Gibraltar"]
[Date "2020.01.25"]
[Round "1.19"]
[White "Henderson, Se"]
[Black "Johansson, Daniel 1984"]
[Result "0-1"]
[WhiteElo "1517"]
[BlackElo "1799"]
[PlyCount "90"]
[EventDate "2020.01.25"]
[EventType "swiss"]
[EventRounds "5"]
[EventCountry "GGB"]
[SourceTitle "BritBase"]
[Source "John Saunders"]
[SourceDate "2021.06.05"]
[SourceVersion "1"]
[SourceVersionDate "2021.06.05"]
[SourceQuality "1"]

1. d4 Nf6 2. e3 d5 3. Bd3 Bg4 4. Nf3 e6 5. Nbd2 c5 6. c3 Nc6 7. O-O Bd6 8. Re1
O-O 9. Bb1 Re8 10. e4 dxe4 11. Nxe4 Nxe4 12. Bxe4 Qb6 13. Bxh7+ Kf8 14. Be4
Rad8 15. Qc2 cxd4 16. cxd4 Bxf3 17. Bxf3 Nxd4 18. Qe4 Nxf3+ 19. Qxf3 Bc5 20. b3
Rd5 21. Be3 Bxe3 22. Rxe3 Red8 23. Rae1 Rd2 24. a4 a5 25. g4 Kg8 26. Kg2 R8d4
27. h3 Qb4 28. R1e2 Rf4 29. Qg3 Rxe2 30. Rxe2 Qd4 31. Re3 Qd5+ 32. Kh2 g5 33.
Qg2 Qd6 34. Kg1 b6 35. Qf1 Rd4 36. Kg2 Qd5+ 37. Kg3 e5 38. Qa6 Qh1 39. Rxe5
Qg1+ 40. Kf3 Rf4+ 41. Ke2 Qxf2+ 42. Kd1 Rd4+ 43. Kc1 Qd2+ 44. Kb1 Qd1+ 45. Kb2
Rd2+ 0-1

[Event "Gibraltar Amateurs B"]
[Site "Gibraltar"]
[Date "2020.01.25"]
[Round "1.20"]
[White "Marani, Luca"]
[Black "Davies, Cledwyn"]
[Result "1-0"]
[WhiteElo "1796"]
[BlackElo "1507"]
[PlyCount "69"]
[EventDate "2020.01.25"]
[EventType "swiss"]
[EventRounds "5"]
[EventCountry "GGB"]
[SourceTitle "BritBase"]
[Source "John Saunders"]
[SourceDate "2021.06.05"]
[SourceVersion "1"]
[SourceVersionDate "2021.06.05"]
[SourceQuality "1"]

1. e4 e6 2. d4 c5 3. d5 exd5 4. exd5 d6 5. c4 Nf6 6. Bd3 Be7 7. h3 Nbd7 8. Nf3
Nf8 9. O-O Ng6 10. Nc3 O-O 11. Qc2 Nd7 12. Re1 Re8 13. Bd2 a6 14. a4 Nde5 15.
Nxe5 dxe5 16. Bxg6 hxg6 17. Rxe5 f6 18. Re2 Bf5 19. Qb3 Qd7 20. Bf4 Bd6 21.
Bxd6 Rxe2 22. Nxe2 Qxd6 23. Ng3 Re8 24. Nxf5 gxf5 25. Qc3 Re4 26. Re1 Qe7 27.
Kf1 Qd6 28. g3 g6 29. b3 Kf7 30. Re3 Rxe3 31. Qxe3 g5 32. Kg2 a5 33. f4 Qb6 34.
Kf3 Qd6 35. fxg5 1-0

[Event "Gibraltar Amateurs B"]
[Site "Gibraltar"]
[Date "2020.01.25"]
[Round "1.21"]
[White "Haddock, Paul"]
[Black "Mircov, Nicola-Alexandar"]
[Result "1-0"]
[WhiteElo "1498"]
[BlackElo "1788"]
[PlyCount "44"]
[EventDate "2020.01.25"]
[EventType "swiss"]
[EventRounds "5"]
[EventCountry "GGB"]
[SourceTitle "BritBase"]
[Source "John Saunders"]
[SourceDate "2021.06.05"]
[SourceVersion "1"]
[SourceVersionDate "2021.06.05"]
[SourceQuality "1"]

1. e4 c5 2. Nf3 e6 3. d4 cxd4 4. Nxd4 Nf6 5. Nc3 d6 6. Bc4 Be7 7. O-O O-O 8.
Bb3 Na6 9. Qe2 Nc5 10. Kh1 Qc7 11. Bg5 h6 12. Bxf6 Bxf6 13. Rfd1 a6 14. f4 b5
15. f5 b4 16. Na4 Nxb3 17. cxb3 Re8 18. fxe6 Bxe6 19. Nf5 Be5 20. Qd2 a5 21.
Rac1 Qd8 22. Ne3 Qh4 1-0

[Event "Gibraltar Amateurs B"]
[Site "Gibraltar"]
[Date "2020.01.25"]
[Round "1.22"]
[White "Oueld El Hachemi, Abdelhaq"]
[Black "Oliva Parra, Ernesto"]
[Result "1-0"]
[WhiteElo "1788"]
[BlackElo "1487"]
[PlyCount "61"]
[EventDate "2020.01.25"]
[EventType "swiss"]
[EventRounds "5"]
[EventCountry "GGB"]
[SourceTitle "BritBase"]
[Source "John Saunders"]
[SourceDate "2021.06.05"]
[SourceVersion "1"]
[SourceVersionDate "2021.06.05"]
[SourceQuality "1"]

1. d4 d5 2. Nf3 Nf6 3. Bf4 Bf5 4. Nc3 e6 5. Nb5 Na6 6. h3 h6 7. e3 c6 8. Nc3
Qa5 9. Bd3 Ne4 10. Bxe4 Bxe4 11. O-O Bh7 12. Be5 Qd8 13. a3 f6 14. Bh2 Bd6 15.
Nh4 Qc7 16. Bxd6 Qxd6 17. Qh5+ Kd7 18. Rfe1 Bxc2 19. e4 Rae8 20. Rac1 Bd3 21.
Qg4 Kc7 22. exd5 g5 23. Qd1 Kb8 24. dxc6 bxc6 25. Qxd3 Nc5 26. Qc4 Nd3 27. Qxd3
gxh4 28. Ne4 Qc7 29. Nxf6 Re7 30. Rxe6 Rxe6 31. Qb3+ 1-0

[Event "Gibraltar Amateurs B"]
[Site "Gibraltar"]
[Date "2020.01.25"]
[Round "1.23"]
[White "Ghatpande, Sankalp"]
[Black "Campuzano, Franco"]
[Result "0-1"]
[WhiteElo "1480"]
[BlackElo "1785"]
[PlyCount "78"]
[EventDate "2020.01.25"]
[EventType "swiss"]
[EventRounds "5"]
[EventCountry "GGB"]
[SourceTitle "BritBase"]
[Source "John Saunders"]
[SourceDate "2021.06.05"]
[SourceVersion "1"]
[SourceVersionDate "2021.06.05"]
[SourceQuality "1"]

1. e4 e6 2. d4 d5 3. Nc3 Nf6 4. Bd3 Bb4 5. h3 Nxe4 6. Bxe4 dxe4 7. a3 Ba5 8. b4
Bb6 9. Nge2 Nc6 10. Be3 f5 11. Na4 O-O 12. Nxb6 axb6 13. Nf4 g5 14. Nh5 f4 15.
Bc1 Qxd4 16. Qxd4 Nxd4 17. O-O Nxc2 18. Ra2 Nxb4 19. Re2 Nd3 20. Rxe4 e5 21.
Rc4 c5 22. Rc3 Bf5 23. g3 Nxc1 24. Rfxc1 Bxh3 25. gxf4 Bg4 26. Ng3 Rxf4 27. Re1
Raf8 28. Rc2 e4 29. Re3 Bf3 30. Kf1 h5 31. Ke1 h4 32. Ne2 h3 33. Nxf4 h2 34.
Ne6 h1=Q+ 35. Kd2 Qd1+ 36. Kc3 Ra8 37. Kb2 Qd5 38. Nc7 Qe5+ 39. Kc1 Qa1+ 0-1

[Event "Gibraltar Amateurs B"]
[Site "Gibraltar"]
[Date "2020.01.25"]
[Round "1.24"]
[White "Dennis, Nigel W"]
[Black "Aragon Martin, Miguel"]
[Result "0-1"]
[WhiteElo "1784"]
[BlackElo "1472"]
[PlyCount "81"]
[EventDate "2020.01.25"]
[EventType "swiss"]
[EventRounds "5"]
[EventCountry "GGB"]
[SourceTitle "BritBase"]
[Source "John Saunders"]
[SourceDate "2021.06.05"]
[SourceVersion "1"]
[SourceVersionDate "2021.06.05"]
[SourceQuality "1"]

1. e4 c6 2. d4 d5 3. exd5 cxd5 4. c4 Nf6 5. Nc3 e6 6. Bg5 Be7 7. Nf3 O-O 8. c5
Nc6 9. a3 h6 10. Bxf6 Bxf6 11. Bb5 Bd7 12. O-O Rc8 13. Re1 Ne7 14. Bf1 b6 15.
b4 bxc5 16. bxc5 Rxc5 17. dxc5 Bxc3 18. Nd4 Bxa1 19. Qxa1 Qa5 20. Nb3 Qa4 21.
Qc3 Bb5 22. Nd4 Bxf1 23. Kxf1 Rc8 24. Qb4 Qa6+ 25. Kg1 Qc4 26. Qxc4 dxc4 27. c6
Nxc6 28. Nb5 Rb8 29. Nc3 Rb3 30. Nb1 c3 31. Rc1 Nd4 32. Kf1 c2 33. Nd2 Rxa3 34.
Ke1 Kf8 35. Nc4 Rb3 36. Nd2 Rb4 37. Nf3 Rb1 38. Kd2 Rxc1 39. Kxc1 Nxf3 40. gxf3
Ke7 41. Kxc2 0-1

[Event "Gibraltar Amateurs B"]
[Site "Gibraltar"]
[Date "2020.01.25"]
[Round "1.25"]
[White "Zhou, Jing"]
[Black "Dragic, Dragan"]
[Result "0-1"]
[WhiteElo "1457"]
[BlackElo "1781"]
[PlyCount "142"]
[EventDate "2020.01.25"]
[EventType "swiss"]
[EventRounds "5"]
[EventCountry "GGB"]
[SourceTitle "BritBase"]
[Source "John Saunders"]
[SourceDate "2021.06.05"]
[SourceVersion "1"]
[SourceVersionDate "2021.06.05"]
[SourceQuality "1"]

1. Nf3 c5 2. e3 Nf6 3. d4 e6 4. Bd3 Nc6 5. O-O Nb4 6. Be2 b6 7. c3 Nbd5 8. Nbd2
Bb7 9. c4 Nb4 10. a3 Nc6 11. b3 cxd4 12. exd4 d5 13. Bb2 Be7 14. Rc1 O-O 15.
Re1 Rc8 16. Bd3 dxc4 17. Nxc4 Nd5 18. Qd2 Bf6 19. Nce5 Qe7 20. Nxc6 Rxc6 21.
Rxc6 Bxc6 22. Ne5 Ba8 23. Rc1 Bg5 24. Qc2 Bxc1 25. Bxh7+ Kh8 26. Bxc1 Qc7 27.
Bd2 Qxc2 28. Bxc2 Rc8 29. Nxf7+ Kg8 30. Bg6 Ne7 31. Nd6 Rd8 32. Bf7+ Kf8 33.
Bb4 Rxd6 34. Bxd6 Kxf7 35. f4 Nc6 36. Be5 Na5 37. Bb8 Nc6 38. Be5 a6 39. b4 Ne7
40. g3 Nd5 41. g4 Ne3 42. h3 Nc2 43. Bc7 b5 44. Kf2 Nxd4 45. Be5 Nc6 46. Bc7
Ne7 47. h4 Nd5 48. Be5 Nb6 49. Bb2 Nc4 50. Bc1 Be4 51. h5 Bc2 52. Kg3 Bd1 53.
Kh4 Be2 54. g5 Nd6 55. g6+ Kf8 56. Kg5 Nf5 57. Bb2 Bf3 58. Ba1 Ng3 59. h6 Ne4+
60. Kh4 gxh6 61. Be5 Ke7 62. Kh3 Be2 63. Kh4 h5 64. Kh3 Bg4+ 65. Kh4 Kf8 66.
Bd4 Kg8 67. Be5 Nd2 68. Kg5 Nf3+ 69. Kh6 h4 70. g7 Bf5 71. Kh5 h3 0-1

[Event "Gibraltar Amateurs B"]
[Site "Gibraltar"]
[Date "2020.01.25"]
[Round "1.26"]
[White "Anjali, R. Sagar"]
[Black "Bynnersley, AG (Tony)"]
[Result "1-0"]
[WhiteElo "1775"]
[BlackElo "1443"]
[PlyCount "71"]
[EventDate "2020.01.25"]
[EventType "swiss"]
[EventRounds "5"]
[EventCountry "GGB"]
[SourceTitle "BritBase"]
[Source "John Saunders"]
[SourceDate "2021.06.05"]
[SourceVersion "1"]
[SourceVersionDate "2021.06.05"]
[SourceQuality "1"]

1. e4 c5 2. Nf3 d6 3. d4 cxd4 4. Nxd4 Nf6 5. Nc3 a6 6. f3 e5 7. Nb3 Be6 8. Be3
Be7 9. Qd2 O-O 10. O-O-O Nbd7 11. g4 b5 12. g5 Nh5 13. Rg1 Nb6 14. Qf2 Nc4 15.
Bxc4 bxc4 16. Nc5 Qc8 17. N5a4 Qc6 18. Nb6 Rab8 19. Nbd5 Bd8 20. Nf6+ Nxf6 21.
gxf6 Bxf6 22. Bh6 Kh8 23. Qh4 Rg8 24. Bg5 Bxg5+ 25. Rxg5 Qb6 26. Kd2 Qd8 27.
Rdg1 Qf6 28. Ne2 Rxb2 29. Rxg7 Qxg7 30. Rxg7 Kxg7 31. Qg5+ Kf8 32. Qd8+ Kg7 33.
Qxd6 Rxa2 34. Qxe5+ Kh6 35. Nf4 c3+ 36. Ke3 1-0

[Event "Gibraltar Amateurs B"]
[Site "Gibraltar"]
[Date "2020.01.25"]
[Round "1.28"]
[White "Martos Amiguet, Valentina"]
[Black "Perdigones Gomez, Mercedes"]
[Result "1-0"]
[WhiteElo "1745"]
[BlackElo "1364"]
[PlyCount "49"]
[EventDate "2020.01.25"]
[EventType "swiss"]
[EventRounds "5"]
[EventCountry "GGB"]
[SourceTitle "BritBase"]
[Source "John Saunders"]
[SourceDate "2021.06.05"]
[SourceVersion "1"]
[SourceVersionDate "2021.06.05"]
[SourceQuality "1"]

1. d4 g6 2. Nf3 Bg7 3. Bf4 c5 4. c3 cxd4 5. cxd4 d6 6. h3 Nf6 7. e3 O-O 8. Nc3
a6 9. Bd3 Nc6 10. a3 Qc7 11. Bh2 e5 12. dxe5 dxe5 13. O-O Qb6 14. Qc2 Re8 15.
Rac1 Bd7 16. Rfd1 Qc7 17. Na4 Nd5 18. Nc5 Rad8 19. Bc4 Nb6 20. Ba2 Qc8 21. Qb3
Bxh3 22. Qxf7+ Kh8 23. Rxd8 Rxd8 24. Ng5 Rf8 25. Qg8+ 1-0

[Event "Gibraltar Amateurs B"]
[Site "Gibraltar"]
[Date "2020.01.25"]
[Round "1.30"]
[White "Sagar, Siya"]
[Black "Maloney, Harry"]
[Result "1-0"]
[WhiteElo "1740"]
[BlackElo "1328"]
[PlyCount "107"]
[EventDate "2020.01.25"]
[EventType "swiss"]
[EventRounds "5"]
[EventCountry "GGB"]
[SourceTitle "BritBase"]
[Source "John Saunders"]
[SourceDate "2021.06.05"]
[SourceVersion "1"]
[SourceVersionDate "2021.06.05"]
[SourceQuality "1"]

1. e4 c5 2. Nf3 Nc6 3. d4 cxd4 4. Nxd4 e6 5. Nc3 Qc7 6. Be3 Nf6 7. f3 Be7 8.
Qd2 O-O 9. g4 Nxd4 10. Bxd4 Ne8 11. O-O-O e5 12. Nd5 Qd6 13. Be3 Nf6 14. Nxe7+
Qxe7 15. h4 Qe6 16. Kb1 Qc6 17. h5 Ne8 18. g5 b6 19. Bd3 Bb7 20. Rdg1 g6 21.
Qh2 Qe6 22. hxg6 Qxg6 23. Qxe5 Qg7 24. Qh2 Bc6 25. g6 fxg6 26. Bh6 Qe7 27. Bxf8
Kxf8 28. Qxh7 Qxh7 29. Rxh7 Kg8 30. Rh6 Nc7 31. Rgxg6+ Kf7 32. Bc4+ Ke7 33.
Rh7+ Kd8 34. Rg8+ Ne8 35. Bd5 a5 36. Bxc6 dxc6 37. Rxe8+ Kxe8 38. Rh8+ Ke7 39.
Rxa8 Kd6 40. f4 Ke6 41. Rc8 Kd6 42. f5 Kd7 43. Rh8 Ke7 44. e5 Kf7 45. Rh7+ Kg8
46. Rc7 c5 47. e6 Kf8 48. f6 Kg8 49. Rc8+ Kh7 50. e7 Kg6 51. e8=Q+ Kxf6 52.
Rc6+ Kg7 53. Qe7+ Kh8 54. Rc8# 1-0

[Event "Gibraltar Amateurs B"]
[Site "Gibraltar"]
[Date "2020.01.25"]
[Round "1.31"]
[White "Apps, Ian"]
[Black "Mena Castillo, Luis"]
[Result "0-1"]
[WhiteElo "1308"]
[BlackElo "1739"]
[PlyCount "124"]
[EventDate "2020.01.25"]
[EventType "swiss"]
[EventRounds "5"]
[EventCountry "GGB"]
[SourceTitle "BritBase"]
[Source "John Saunders"]
[SourceDate "2021.06.05"]
[SourceVersion "1"]
[SourceVersionDate "2021.06.05"]
[SourceQuality "1"]

1. e4 c5 2. Be2 Nc6 3. f4 g6 4. Nf3 Bg7 5. c3 d5 6. d3 Nh6 7. O-O O-O 8. Qe1
Bg4 9. Na3 Bxf3 10. Bxf3 d4 11. c4 f5 12. e5 Qc8 13. Nc2 Nf7 14. Bd5 e6 15.
Bxc6 Qxc6 16. Bd2 Kh8 17. Qf2 Bh6 18. Qf3 Nxe5 19. fxe5 Qxf3 20. Rxf3 Bxd2 21.
Rd1 Bh6 22. Re1 a6 23. Re2 b5 24. b3 bxc4 25. dxc4 a5 26. Ne1 Rfb8 27. Nd3 Bf8
28. Nb2 Ra7 29. Na4 g5 30. Kf2 Rc7 31. Ke1 Kg7 32. Kd2 Kg6 33. g3 h5 34. Kd3
Rc6 35. Rf1 Be7 36. h3 Rh8 37. Rh1 h4 38. g4 fxg4 39. hxg4 Rf8 40. Rhh2 Rf4 41.
Rhg2 Rc8 42. Nb6 Rcf8 43. Nd7 R8f7 44. Nb8 Bd8 45. Na6 Bb6 46. Nb8 Rf3+ 47. Kd2
Rf1 48. Nc6 R7f4 49. Ne7+ Kg7 50. Nc8 Bc7 51. Nd6 Bxd6 52. exd6 Kf7 53. d7 Ke7
54. Rxe6+ Kxd7 55. Rg6 h3 56. Rh2 R4f2+ 57. Rxf2 Rxf2+ 58. Ke1 h2 59. Rh6 Rxa2
60. Kf1 h1=Q+ 61. Rxh1 Ra1+ 62. Kg2 Rxh1 0-1

[Event "Gibraltar Amateurs B"]
[Site "Gibraltar"]
[Date "2020.01.25"]
[Round "1.32"]
[White "Salas Martin, Javier"]
[Black "Harbinson, Alec Ryan"]
[Result "1-0"]
[WhiteElo "1738"]
[BlackElo "1141"]
[PlyCount "29"]
[EventDate "2020.01.25"]
[EventType "swiss"]
[EventRounds "5"]
[EventCountry "GGB"]
[SourceTitle "BritBase"]
[Source "John Saunders"]
[SourceDate "2021.06.05"]
[SourceVersion "1"]
[SourceVersionDate "2021.06.05"]
[SourceQuality "1"]

1. d4 Nf6 2. c4 e6 3. Nf3 d5 4. g3 Bb4+ 5. Bd2 Be7 6. Bg2 O-O 7. O-O c5 8. cxd5
exd5 9. Nc3 Nc6 10. Bg5 Be6 11. Rc1 Ne4 12. Bxe7 Qxe7 13. dxc5 Nxc5 14. Nxd5
Qd6 15. Nf6+ 1-0

[Event "Gibraltar Amateurs B"]
[Site "Gibraltar"]
[Date "2020.01.26"]
[Round "2.1"]
[White "Campuzano, Franco"]
[Black "Nash, Damian"]
[Result "1/2-1/2"]
[WhiteElo "1785"]
[BlackElo "1890"]
[PlyCount "39"]
[EventDate "2020.01.25"]
[EventType "swiss"]
[EventRounds "5"]
[EventCountry "GGB"]
[SourceTitle "BritBase"]
[Source "John Saunders"]
[SourceDate "2021.06.05"]
[SourceVersion "1"]
[SourceVersionDate "2021.06.05"]
[SourceQuality "1"]

1. Nf3 g6 2. g3 Bg7 3. Bg2 d6 4. Nc3 e5 5. d3 Ne7 6. e4 c6 7. Be3 Nd7 8. Qd2 h6
9. d4 Qc7 10. O-O-O Nb6 11. dxe5 dxe5 12. Bxb6 axb6 13. Qd6 Qxd6 14. Rd2 Qd4
15. Rxd4 Be6 16. Rd6 b5 17. Rhd1 O-O 18. b3 Nc8 19. Kb1 Nb6 20. Rd8 1/2-1/2

[Event "Gibraltar Amateurs B"]
[Site "Gibraltar"]
[Date "2020.01.26"]
[Round "2.2"]
[White "Sedgwick, David"]
[Black "Oueld El Hachemi, Abdelhaq"]
[Result "1-0"]
[WhiteElo "1894"]
[BlackElo "1788"]
[PlyCount "139"]
[EventDate "2020.01.25"]
[EventType "swiss"]
[EventRounds "5"]
[EventCountry "GGB"]
[SourceTitle "BritBase"]
[Source "John Saunders"]
[SourceDate "2021.06.05"]
[SourceVersion "1"]
[SourceVersionDate "2021.06.05"]
[SourceQuality "1"]

1. e4 b6 2. d4 e6 3. c4 Bb7 4. Bd3 Bb4+ 5. Nc3 Nf6 6. Qe2 Nc6 7. Nf3 Qe7 8. a3
Bxc3+ 9. bxc3 e5 10. O-O d6 11. d5 Na5 12. Rb1 Nd7 13. Bg5 f6 14. Be3 Ba6 15.
Nd2 Nc5 16. Bxc5 dxc5 17. Qg4 Qd7 18. Qxd7+ Kxd7 19. f4 exf4 20. Rxf4 Rae8 21.
Rbf1 Re7 22. g4 h6 23. h4 Nb7 24. g5 hxg5 25. hxg5 fxg5 26. Rf5 Rh3 27. R1f3
Rxf3 28. Nxf3 Nd6 29. Ne5+ Ke8 30. Rxg5 Nf7 31. Nxf7 Rxf7 32. Kg2 Kf8 33. Kg3
Rf6 34. e5 Rh6 35. Be2 Rh1 36. Rf5+ Ke7 37. e6 Bc8 38. Rf7+ Kd6 39. Kg2 Ra1 40.
Rxg7 Rxa3 41. Rg8 Bxe6 42. Rg6 Rxc3 43. Rxe6+ Kd7 44. Rh6 a5 45. Bg4+ Kd8 46.
Rh8+ Ke7 47. Rh7+ Kd6 48. Rd7+ Ke5 49. Be2 a4 50. Rxc7 a3 51. Re7+ Kd6 52. Re6+
Kc7 53. Re7+ Kb8 54. Bf3 Rc2+ 55. Kg3 Rd2 56. Re8+ Kc7 57. Ra8 a2 58. Kf4 Rd4+
59. Ke5 b5 60. Rxa2 bxc4 61. d6+ Kb6 62. Rb2+ Ka5 63. Bd5 Rh4 64. d7 Rh8 65.
Kd6 c3 66. Rc2 Kb4 67. Kc7 c4 68. d8=Q Rxd8 69. Kxd8 Kb3 70. Be4 1-0

[Event "Gibraltar Amateurs B"]
[Site "Gibraltar"]
[Date "2020.01.26"]
[Round "2.3"]
[White "Dragic, Dragan"]
[Black "Dumont, Andre"]
[Result "1-0"]
[WhiteElo "1781"]
[BlackElo "1872"]
[PlyCount "87"]
[EventDate "2020.01.25"]
[EventType "swiss"]
[EventRounds "5"]
[EventCountry "GGB"]
[SourceTitle "BritBase"]
[Source "John Saunders"]
[SourceDate "2021.06.05"]
[SourceVersion "1"]
[SourceVersionDate "2021.06.05"]
[SourceQuality "1"]

1. d4 Nf6 2. c4 e5 3. dxe5 Ng4 4. Nf3 Bc5 5. e3 Nc6 6. Qd5 Qe7 7. Nc3 Ngxe5 8.
Be2 d6 9. Nxe5 Nxe5 10. a3 a5 11. b3 Bd7 12. O-O O-O 13. Bb2 Qg5 14. Ne4 Qg6
15. Ng3 Rfe8 16. b4 Bc6 17. Qd2 Bb6 18. b5 Be4 19. Nxe4 Qxe4 20. Rac1 Bc5 21.
Rc3 Qh4 22. Qc2 Re6 23. e4 Rg6 24. Kh1 Ng4 25. Bxg4 Qxg4 26. Rg3 Qe6 27. Qc3
Qxe4 28. Re1 Rxg3 29. hxg3 Qg6 30. Re4 f6 31. Qe1 Kf8 32. Rf4 Re8 33. Qc3 Re2
34. Kh2 Rc2 35. Qb3 a4 36. Qxa4 Rxb2 37. Qa8+ Qe8 38. Qxb7 Bb6 39. Re4 Qh5+ 40.
Rh4 Qe8 41. Rxh7 Kg8 42. Rh4 Rxf2 43. Qd5+ Qf7 44. Rh8+ 1-0

[Event "Gibraltar Amateurs B"]
[Site "Gibraltar"]
[Date "2020.01.26"]
[Round "2.4"]
[White "White, David J"]
[Black "Anjali, R. Sagar"]
[Result "0-1"]
[WhiteElo "1872"]
[BlackElo "1775"]
[PlyCount "68"]
[EventDate "2020.01.25"]
[EventType "swiss"]
[EventRounds "5"]
[EventCountry "GGB"]
[SourceTitle "BritBase"]
[Source "John Saunders"]
[SourceDate "2021.06.05"]
[SourceVersion "1"]
[SourceVersionDate "2021.06.05"]
[SourceQuality "1"]

1. e4 e5 2. f4 d5 3. exd5 exf4 4. Bb5+ Nd7 5. Nf3 Ngf6 6. Nc3 Be7 7. d4 O-O 8.
Bxf4 Nb6 9. O-O Nbxd5 10. Nxd5 Nxd5 11. Bd2 Bg4 12. c3 c5 13. Qb3 Nf6 14. Be3
cxd4 15. Bxd4 Qc7 16. Bc4 Bc5 17. Kh1 Bxf3 18. Rxf3 Bxd4 19. cxd4 Rac8 20. Bd3
Ng4 21. g3 Qc6 22. Bf5 h5 23. Bxc8 Qxc8 24. Raf1 Nf6 25. Rf5 Re8 26. Qf3 Qc2
27. Rf2 Qc1+ 28. Kg2 Ng4 29. Rxf7 Nxf2 30. Qxf2 Qc6+ 31. Qf3 Re2+ 32. Kh3 Qe6+
33. Qf5 Qxf7 34. Qc8+ Kh7 0-1

[Event "Gibraltar Amateurs B"]
[Site "Gibraltar"]
[Date "2020.01.26"]
[Round "2.5"]
[White "Pauwels, Rudi"]
[Black "Nwachukwu, Chino"]
[Result "0-1"]
[WhiteElo "1761"]
[BlackElo "1868"]
[PlyCount "72"]
[EventDate "2020.01.25"]
[EventType "swiss"]
[EventRounds "5"]
[EventCountry "GGB"]
[SourceTitle "BritBase"]
[Source "John Saunders"]
[SourceDate "2021.06.05"]
[SourceVersion "1"]
[SourceVersionDate "2021.06.05"]
[SourceQuality "1"]

1. e4 c5 2. Nf3 d6 3. Bb5+ Nd7 4. c3 Ngf6 5. Qe2 a6 6. Ba4 e6 7. O-O Be7 8. d4
cxd4 9. cxd4 b5 10. Bc2 Bb7 11. Nc3 O-O 12. Rd1 Qc7 13. Bg5 h6 14. Bh4 Rac8 15.
Rac1 Qb8 16. a3 Rfe8 17. Nd2 e5 18. d5 Nxd5 19. Nxd5 Bxh4 20. Bb3 Bg5 21. Rxc8
Rxc8 22. Nf3 Bxd5 23. Bxd5 Be7 24. Qd2 Nf6 25. h3 Rc5 26. b4 Rc7 27. Ne1 Qc8
28. f3 Nh5 29. Nd3 Bg5 30. Qf2 Rc3 31. Qa7 Rxd3 32. Qxf7+ Kh8 33. Rxd3 Qc1+ 34.
Kf2 Bh4+ 35. g3 Bxg3+ 36. Kg2 Qc2+ 0-1

[Event "Gibraltar Amateurs B"]
[Site "Gibraltar"]
[Date "2020.01.26"]
[Round "2.6"]
[White "Martos Amiguet, Valentina"]
[Black "Bryant, Richard B E"]
[Result "0-1"]
[WhiteElo "1745"]
[BlackElo "1849"]
[PlyCount "76"]
[EventDate "2020.01.25"]
[EventType "swiss"]
[EventRounds "5"]
[EventCountry "GGB"]
[SourceTitle "BritBase"]
[Source "John Saunders"]
[SourceDate "2021.06.05"]
[SourceVersion "1"]
[SourceVersionDate "2021.06.05"]
[SourceQuality "1"]

1. d4 e6 2. Bf4 f5 3. Nf3 d6 4. e3 Nf6 5. h3 Be7 6. Bc4 c6 7. c3 O-O 8. Qb3 d5
9. Be2 a5 10. a4 Ne4 11. Nbd2 Nd7 12. O-O g5 13. Nxe4 fxe4 14. Nxg5 Bxg5 15.
Bd6 Rf7 16. Qd1 Be7 17. Bf4 Nf6 18. Kh1 Bd7 19. Rg1 Qf8 20. g4 Ne8 21. g5 Rxf4
22. exf4 Qxf4 23. g6 h6 24. Qf1 Kg7 25. Rg4 Qf6 26. c4 e5 27. dxe5 Qxe5 28. Rg3
d4 29. Re1 Bb4 30. Rd1 Nf6 31. Rb1 Rf8 32. Qd1 Bd6 33. Qg1 c5 34. Rb3 Bc6 35.
Rf1 e3+ 36. f3 Nh5 37. Kg2 Qg3+ 38. Kh1 Qxh3+ 0-1

[Event "Gibraltar Amateurs B"]
[Site "Gibraltar"]
[Date "2020.01.26"]
[Round "2.7"]
[White "Mena Castillo, Luis"]
[Black "Nebel, Uwe"]
[Result "1/2-1/2"]
[WhiteElo "1739"]
[BlackElo "1847"]
[PlyCount "78"]
[EventDate "2020.01.25"]
[EventType "swiss"]
[EventRounds "5"]
[EventCountry "GGB"]
[SourceTitle "BritBase"]
[Source "John Saunders"]
[SourceDate "2021.06.05"]
[SourceVersion "1"]
[SourceVersionDate "2021.06.05"]
[SourceQuality "1"]

1. Nf3 f5 2. e3 Nf6 3. b3 d6 4. d4 e6 5. Bb2 Be7 6. Be2 O-O 7. O-O Qe8 8. c4 c5
9. Nc3 a6 10. dxc5 dxc5 11. Na4 Bd7 12. Nb6 Ra7 13. Nxd7 Nbxd7 14. Qd3 Ne4 15.
Rfd1 b6 16. a3 Ndf6 17. Ne5 Bd6 18. f3 Bxe5 19. Bxe5 Rd7 20. Qc2 Ng5 21. b4 Qc8
22. h4 Nf7 23. Bxf6 gxf6 24. Rxd7 Qxd7 25. Rd1 Qc7 26. Qc3 Kg7 27. f4 Rd8 28.
g4 Rxd1+ 29. Bxd1 Qd6 30. Bf3 fxg4 31. Bxg4 e5 32. fxe5 Nxe5 33. Be2 Ng6 34.
Qe1 Qe5 35. Qf2 Kf7 36. h5 Ne7 37. bxc5 bxc5 38. Bd3 Qxh5 39. Kf1 Qd1+ 1/2-1/2

[Event "Gibraltar Amateurs B"]
[Site "Gibraltar"]
[Date "2020.01.26"]
[Round "2.8"]
[White "Gonzalez Pabollet, Jesus Maria S"]
[Black "Sagar, Siya"]
[Result "1-0"]
[WhiteElo "1845"]
[BlackElo "1740"]
[PlyCount "59"]
[EventDate "2020.01.25"]
[EventType "swiss"]
[EventRounds "5"]
[EventCountry "GGB"]
[SourceTitle "BritBase"]
[Source "John Saunders"]
[SourceDate "2021.06.05"]
[SourceVersion "1"]
[SourceVersionDate "2021.06.05"]
[SourceQuality "1"]

1. Nf3 Nf6 2. g3 g6 3. Bg2 Bg7 4. O-O O-O 5. c4 c6 6. Nc3 d5 7. cxd5 Nxd5 8.
Qc2 Nd7 9. Rd1 N7f6 10. a3 Bf5 11. d3 Nxc3 12. bxc3 Qd7 13. Rb1 Nd5 14. Bd2 Nb6
15. c4 c5 16. Rb5 Rfc8 17. a4 Qc7 18. a5 Nd7 19. Rdb1 Rab8 20. Nh4 Be6 21. Rxb7
Qe5 22. Bf4 Qf6 23. Bxb8 a6 24. Nf3 h5 25. Bf4 Qc3 26. Qxc3 Bxc3 27. Bd2 Bg7
28. Ng5 Nf6 29. Nxe6 fxe6 30. Rxe7 1-0

[Event "Gibraltar Amateurs B"]
[Site "Gibraltar"]
[Date "2020.01.26"]
[Round "2.9"]
[White "O'Shea, Colm"]
[Black "Hari, Charan Sai Kalluri"]
[Result "0-1"]
[WhiteElo "1706"]
[BlackElo "1836"]
[PlyCount "108"]
[EventDate "2020.01.25"]
[EventType "swiss"]
[EventRounds "5"]
[EventCountry "GGB"]
[SourceTitle "BritBase"]
[Source "John Saunders"]
[SourceDate "2021.06.05"]
[SourceVersion "1"]
[SourceVersionDate "2021.06.05"]
[SourceQuality "1"]

1. e4 c5 2. Nc3 Nc6 3. Bb5 Nd4 4. Bc4 e6 5. Nge2 g6 6. Nxd4 cxd4 7. Ne2 Bg7 8.
d3 Ne7 9. O-O O-O 10. Ng3 Qb6 11. Bb3 d6 12. f4 f5 13. Qe1 d5 14. e5 a5 15. a4
Bd7 16. Ne2 Rfc8 17. Qf2 Nc6 18. Bd2 Rc7 19. Kh1 Bf8 20. Ng1 Rac8 21. Nf3 Be8
22. Ng5 Nb4 23. Bxb4 Bxb4 24. h3 h6 25. Nf3 h5 26. Rg1 Bc5 27. Ng5 Be7 28. Nf3
Bf8 29. g3 Bc5 30. Rg2 Rg7 31. Rag1 Rcc7 32. g4 hxg4 33. hxg4 Rh7+ 34. Nh2 Kf8
35. gxf5 gxf5 36. Rg8+ Ke7 37. Qg3 Rf7 38. Qg5+ Kd7 39. Rg3 Be7 40. Qh6 Rc8 41.
Bxd5 Rxc2 42. Bc4 Rxb2 43. Bb5+ Rxb5 44. axb5 Qxb5 45. Rh8 Qc6+ 46. Nf3 a4 47.
Qh2 b5 48. Qb2 Bc5 49. Kh2 Qb6 50. Rgg8 Re7 51. Ng5 a3 52. Qa2 b4 53. Nxe6 Qxe6
54. Qxe6+ Rxe6 0-1